Valencia CF Squad 2021-2022 - Statistics

General Stats
  • This quiz has been taken 70 times
    66 since last reset
  • The average score is 21 of 30
Answer Stats
# Position Nation Player % Correct
7 FW Portugal Gonçalo Guedes
97%
5 DF Brazil Gabriel Paulista
91%
13 GK Netherlands Jasper Cillessen
91%
10 MF Spain Carlos Soler
89%
14 DF Spain José Luis Gayà
89%
9 FW Uruguay Maxi Gómez
89%
17 FW Russia Denís Chéryshev
86%
1 GK Spain Jaume Doménech
86%
4 FW United States Yunus Musah
86%
12 DF Guinea Mouctar Diakhaby
83%
15 DF Paraguay Omar Alderete
80%
8 MF Serbia Uroš Račić
80%
6 DF Spain Hugo Guillamón
77%
2 DF Portugal Thierry Correia
77%
18 MF Denmark Daniel Wass
74%
20 DF Guadeloupe Dimitri Foulquier
74%
28 GK Georgia Giorgi Mamardashvili
74%
23 MF Guinea Ilaix Moriba
74%
19 FW Spain Hugo Duro
71%
- Coach Spain José Bordalás
66%
24 DF Italy Cristiano Piccini
57%
24 DF Switzerland Eray Cömert
57%
22 FW Brazil Marcos André
57%
3 DF Spain Toni Lato
57%
21 FW Spain Bryan Gil
51%
11 FW Angola Hélder Costa
49%
21 FW Spain Manu Vallejo
46%
25 GK Spain Cristian Rivero
40%
16 FW Spain Álex Blanco
26%
23 FW Spain Jason
17%
No matching quizzes found
Score Distribution
Percent of People with Each Score
Percentile by Number Answered
Your Score History
You have not taken this quiz since the last reset